000
00319nam a2200121Ia 4500
008
210428s9999 xx 000 0 und d
082
_a
601 M954 M
100
_a
G Gregory
_9
52186
245
0
_a
2nd North American Conference on Multiphase Technology
260
_b
BHR Group
_a
UK
_c
2000
300
_a
455p.
942
_c
BK
999
_c
559953
_d
559953